MATULA, Vladimír partizánsky veliteľ, robotník (13. 11. 1920 Ružomberok, okr. Liptovský Mikuláš - 7. 12. 1944 Ružomberok-Hrboltová, okr. Liptovský Mikuláš)

Bibliographic Details
Format: Article
Language:Slovak
ISBN:8070900709 viaz
Subjects:

MARC

LEADER 00000naa a2200000uu 4500
001 vtls010921473
003 SK-MaSNL
005 20260302131345.0
008 220808|1990 xo |||||||||||||||||slo|
015 |a SNBRA 
035 |a (urnnbn)urn:nbn:sk:snk:ar-a0d08g 
035 |a (uuid)9128fba3-fc65-46cc-9d33-08c2cd75fe02 
035 |a urn:nbn:sk:snk-aatoxx 
040 |a SNKBUCL  |b slo  |c SNKBUCL  |e AACR2 
041 0 |a slo 
044 |a xo  |c SK 
245 0 0 |a MATULA, Vladimír  |b partizánsky veliteľ, robotník (13. 11. 1920 Ružomberok, okr. Liptovský Mikuláš - 7. 12. 1944 Ružomberok-Hrboltová, okr. Liptovský Mikuláš) 
655 7 |a biografické heslá  |2 SNKPH  |9 368942 
773 0 |t Slovenský biografický slovník : (od roku 833 do roku 1990). IV. zväzok, M-Q  |d Martin : Matica slovenská, 1990  |g S. 114  |z 8070900709 viaz 
954 |a odborná, vedecká literatúra pôvodná (slovenská)  |2 lita 
958 |a BX 
958 |a OND 
958 |a chapter 
958 |a article25 
999 |c 1306284  |d 1308214